000
00240nam a2200097Ia 4500
001
811019
005
20250826171533.0
008
250824s9999 xx 000 0 und d
245
0
_a
KÜÇÜK MAVİ TREN
_c
AYLA KUTLU
260
_b
BİLGİ YAYINLARI
999
_c
811019
_d
811019